| 000 | 00424nam a22001217a 4500 | ||
|---|---|---|---|
| 082 | _a200 THE | ||
| 100 |
_aQasim Umar Khan _970103 |
||
| 245 | _aTH-SOF-1251-ANALYSIS AND DESIGN OF RECTANGULSR UNDER MICTROSTRIP PATCH ANTENNAS USING HIGHER OREDER MODES | ||
| 260 |
_aIslamabad _bNUST College of EME _c2016 |
||
| 650 |
_aPHD ELECTRICAL ENGINEERING PHD _970104 |
||
| 700 |
_aSupervisor DR MOJEEB BIN IHSAN _970105 |
||
| 942 | _cCF | ||
| 999 |
_c577145 _d577145 |
||